Ranivosť striel

Bibliographic Details
Main Authors: Čekovský, Peter (Author), Babúš, Zoltán (Author)
Format: Article
Language:Slovak
ISSN:0231-8768
Subjects:

MARC

LEADER 00000nab a2200000 a 4500
001 vtls009463205
003 SK-MaSNL
005 20260304153423.0
008 250506c2009 xo |||||||||||000 b|slo
015 |a SNBRB2009/01  |2 snkbucl 
035 |a (uuid)7cea020a-86a5-449f-8e82-c6eb54c57c4e 
035 |a urn:nbn:sk:snk-abetxg 
035 |a (urnnbn)urn:nbn:sk:snk:ar-0071y5 
038 |a SNKBUCL 
040 |a SNKBUCL  |b slo  |c SNKBUCL  |e AACR2 
041 0 |a slo 
044 |a xo  |c SK 
080 |a 639.111.1.081.18  |2 1997 
080 |a 623.455.6  |2 1997 
100 1 |a Čekovský, Peter  |4 aut  |9 1453706 
245 1 0 |a Ranivosť striel  |c Peter Čekovský, Zoltán Babúš 
650 0 7 |a raticová zver  |2 snkbucl  |9 69016 
650 0 7 |a lov zveri  |2 snkbucl  |9 2772 
650 0 7 |a strely  |2 snkbucl  |9 1468595 
650 0 7 |a usmrtenie  |2 snkbucl  |9 1278865 
700 1 |a Babúš, Zoltán  |4 aut  |9 1476788 
773 0 |t Poľovníctvo a rybárstvo  |g Roč. 61, č. 1 (2009), s. 23-27  |x 0231-8768 
850 |a Slovenská národná knižnica 
852 |a Slovenská národná knižnica 
954 |a odborná, vedecká literatúra pôvodná (slovenská)  |2 lita 
958 |a article27 
958 |a OND 
958 |a EUIPO 
999 |c 2953621  |d 2955551